[Event "Sebinhoo Invitational 2020"]
[Site "Online"]
[Date "2020.12.22"]
[Round "1.1"]
[White "Pichot, Alan"]
[Black "Larino Nieto, David"]
[Result "1-0"]
[WhiteElo "2630"]
[BlackElo "2461"]
[Annotator "TA"]
[PlyCount "79"]
[EventDate "2020.12.22"]
[EventType "tourn"]
[EventCountry "NET"]
[SourceTitle "playchess.com"]
[Source "ChessBase"]
[SourceQuality "1"]

{[%evp 9,79,35,50,42,51,42,57,13,46,32,118,118,107,117,187,189,253,242,237,171,175,174,192,153,150,144,179,171,306,314,355,339,335,330,327,305,387,394,567,564,565,547,512,338,462,449,437,400,393,387,381,379,368,347,589,600,658,635,1018,983,1541,1497,1611,1464,29989,29984,29994,29994,29995,29996,29996,29997]} 1. e4 c6 2. d4 g6 3. f4 d5 4. e5 Nh6 5. Be2 Bg7 6. Nf3 {B12: Caro-Kann: Advance Variation.} Bg4 7. O-O O-O 8. Be3 {[#] White is slightly better.} Nd7 $146 ({Predecessor:} 8... Bxf3 9. Bxf3 f6 {½-½ (9) Tschohl,C (2141)-Schiestl,J (2155) Austria 2003}) 9. Nbd2 b6 ({Black should play} 9... Nf5 $14 10. Bf2 Bh6) 10. h3 $16 Bxf3 11. Nxf3 Qc7 (11... Nf5 $16 12. Bf2 e6) 12. g4 $18 f5 (12... b5 $142 13. a4 bxa4) 13. g5 Nf7 14. h4 e6 {[#]} 15. h5 $1 {[%mdl 512]} Rfc8 (15... gxh5 16. Kg2) 16. Qe1 c5 17. c3 cxd4 18. cxd4 Qc2 (18... Qb7 $142 19. Bd3 gxh5) 19. Bb5 Nf8 20. Rf2 Qc7 21. h6 Bxh6 22. gxh6 Nxh6 23. Ba6 Rd8 (23... Ng4 $142 24. Bxc8 Nxf2) 24. Rc1 Qg7 25. Rfc2 Ng4 26. Nh2 Nxh2 27. Rxh2 Rd7 28. Qc3 Rad8 29. Kh1 Rf7 30. Bb5 Rb8 31. Bf2 h6 $2 (31... Rbb7 32. Rg1 Rfc7) 32. Bh4 Nh7 33. Qc6 g5 34. Qxe6 Kh8 35. fxg5 hxg5 36. Rg1 Rg8 37. Bxg5 {White mates.} f4 {[#]} 38. Bf6 $1 Rxf6 39. Rxg7 Rxg7 40. exf6 {Weighted Error Value: White=0.16/Black=0.46} 1-0

[Event "Sebinhoo Invitational 2020"]
[Site "Online"]
[Date "2020.12.22"]
[Round "1.2"]
[White "Van Foreest, Jorden"]
[Black "Tari, Aryan"]
[Result "1-0"]
[WhiteElo "2671"]
[BlackElo "2618"]
[Annotator "RC"]
[PlyCount "105"]
[EventDate "2020.12.22"]
[EventType "tourn"]
[EventCountry "NET"]
[SourceTitle "playchess.com"]
[Source "ChessBase"]
[SourceQuality "1"]

1. e4 {[%emt 0:00:00]} e5 {[%emt 0:00:00]} 2. Nf3 {[%emt 0:00:00]} Nc6 {[%emt 0:00:00]} 3. Bc4 {[%emt 0:00:01]} Bc5 {[%emt 0:00:00]} 4. c3 {[%emt 0:00:01]} Nf6 {[%emt 0:00:01]} 5. d4 {[%emt 0:00:01]} exd4 {[%emt 0:00:03]} 6. b4 {[%emt 0:00:00]} Bb6 {[%emt 0:00:17]} 7. e5 {[%emt 0:00:05]} Ne4 {[%emt 0:00:07]} 8. Bd5 {[%emt 0:00:05]} Nxc3 {[%emt 0:00:05]} 9. Nxc3 {[%emt 0:00:02]} dxc3 {[%emt 0:00:01]} 10. Bg5 {[%emt 0:00:01]} Ne7 {[%emt 0:00:01]} 11. O-O {[%emt 0:00:01]} a5 {[%emt 0:00:02]} 12. Nh4 {[%emt 0:00:40]} h6 {[%emt 0:01:44]} 13. Qh5 {[%emt 0:00:29]} O-O {[%emt 0:00:48]} 14. Bf6 {[%emt 0:01:20]} d6 {[%emt 0:00:32]} 15. Ng6 {[%emt 0:00:31]} Nxd5 {[%emt 0:00:38]} 16. Bxd8 {[%emt 0:00:02]} fxg6 {[%emt 0:00:00]} 17. Qd1 {[%emt 0:00:45]} Be6 {[%emt 0:00:01]} 18. Bh4 {[%emt 0:00:01]} axb4 {[%emt 0:00:09]} 19. exd6 {[%emt 0:00:04]} cxd6 {[%emt 0:00:01]} 20. Bg3 {[%emt 0:00:27]} Rac8 {[%emt 0:00:07]} 21. a3 {[%emt 0:00:10]} c2 {[%emt 0:00:15]} 22. Qe2 {[%emt 0:00:07]} Rfe8 {[%emt 0:00:28]} 23. axb4 {[%emt 0:00:02]} Nxb4 {[%emt 0:00:18]} 24. Qb5 {[%emt 0:00:30]} Bc5 {[%emt 0:00:07]} 25. Rfe1 {[%emt 0:00:00]} Bf7 {[%emt 0:00:03]} 26. h4 {[%emt 0:00:15]} Rxe1+ {[%emt 0:00:02]} 27. Rxe1 {[%emt 0:00:01]} Na2 {[%emt 0:00:05]} 28. Qxb7 {[%emt 0:00:02]} Re8 {[%emt 0:00:03]} 29. Rxe8+ {[%emt 0:00:03]} Bxe8 {[%emt 0:00:01]} 30. Qb3+ {[%emt 0:00:01]} Bf7 {[%emt 0:00:10]} 31. Qxc2 {[%emt 0:00:00]} Nb4 {[%emt 0:00:00]} 32. Qa4 {[%emt 0:00:07]} d5 {[%emt 0:00:21]} 33. Be5 {[%emt 0:00:05]} Nd3 {[%emt 0:00:04]} 34. Bd4 {[%emt 0:00:08]} Bxd4 {[%emt 0:00:00]} 35. Qxd4 {[%emt 0:00:01]} Nc1 {[%emt 0:00:01]} 36. Kh2 {[%emt 0:00:03]} Nb3 {[%emt 0:00:01]} 37. Qb6 {[%emt 0:00:03]} d4 {[%emt 0:00:01]} 38. Qd8+ {[%emt 0:00:01]} Kh7 {[%emt 0:00:01]} 39. Qd7 {[%emt 0:00:05]} Bc4 {[%emt 0:00:04]} 40. Qc6 {[%emt 0:00:04]} Bg8 {[%emt 0:00:04]} 41. Qe4 {[%emt 0:00:02]} h5 {[%emt 0:00:03]} 42. Qd3 {[%emt 0:00:04]} Be6 {[%emt 0:00:04]} 43. f3 {[%emt 0:00:01]} Kh6 {[%emt 0:00:02]} 44. Kg3 {[%emt 0:00:05]} Kh7 {[%emt 0:00:02]} 45. Kf4 {[%emt 0:00:04]} Nc1 {[%emt 0:00:01]} 46. Qd2 {[%emt 0:00:11]} Nb3 {[%emt 0:00:02]} 47. Qc2 {[%emt 0:00:01]} Kh6 {[%emt 0:00:04]} 48. g4 {[%emt 0:00:02]} Bd5 {[%emt 0:00:06]} 49. Qc8 {[%emt 0:00:07]} Kh7 {[%emt 0:00:12]} 50. gxh5 {[%emt 0:00:01]} d3 {[%emt 0:00:02]} 51. hxg6+ {[%emt 0:00:01]} Kh6 {[%emt 0:00:00]} 52. Qf5 {[%emt 0:00:06]} Bxf3 {[%emt 0:00:01]} 53. Qg5# {[%emt 0:00:02]} 1-0

[Event "Sebinhoo Invitational 2020"]
[Site "Online"]
[Date "2020.12.22"]
[Round "1.3"]
[White "Christiansen, Johan-Sebastian"]
[Black "Shankland, Sam"]
[Result "0-1"]
[WhiteElo "2610"]
[BlackElo "2691"]
[Annotator "TA"]
[PlyCount "70"]
[EventDate "2020.12.22"]
[EventType "tourn"]
[EventCountry "NET"]
[SourceTitle "playchess.com"]
[Source "ChessBase"]
[SourceQuality "1"]

{[%evp 14,70,27,12,14,0,10,12,0,0,0,0,0,0,0,-16,-13,-68,0,-187,-68,-182,-183,-177,-209,-181,-115,-123,-103,-104,-95,-126,-48,-42,0,-629,-620,-919,-914,-1676,-1676,-29978,-602,-29981,-29982,-29987,-29988,-29988,-720,-29984,-660,-29993,-29991,-29991,-29979,-29979,-29978,-29991,-29992]} 1. e4 c5 2. Nf3 d6 3. d4 cxd4 4. Nxd4 Nf6 5. Nc3 Nc6 6. f3 e5 7. Nb3 Be6 8. Nd5 Be7 {B56: Classical Sicilian: Unusual Lines.} 9. c4 O-O 10. Be3 a5 {The position is equal.} 11. Qd2 a4 12. Nc1 b5 $5 {[%mdl 4] Leaves trodden paths.} 13. Nxe7+ Nxe7 14. cxb5 d5 {[#]} 15. Bc5 $146 (15. Bd3 $11) ({Predecessor:} 15. Bd3 Qd6 16. O-O dxe4 17. fxe4 Rfd8 18. Rd1 Qb8 19. b6 Nxe4 20. Bxe4 Rxd2 21. Rxd2 {½-½ (32) Betker,J (2456)-Siefring,C (2519) ICCF email 2014}) 15... Rc8 ({Better is} 15... Re8 $1 $15) 16. Qb4 $2 (16. b4 $11) 16... Re8 (16... Rxc5 $19 17. Qxc5 dxe4) 17. b6 (17. Nd3 $1 $15) 17... dxe4 $19 18. b7 Rb8 19. fxe4 Nc6 (19... Qd7 $19 20. Bc4 Rxb7 21. Bxe6 fxe6) 20. Qxa4 $17 Nd4 $36 {[%mdl 2048] Keeping White busy.} 21. Bxd4 exd4 22. Bb5 d3 ({Black should try} 22... Re7 $1 $17 {[%cal Re7b7]} 23. Nd3 Rexb7) 23. Nxd3 $15 {And now 0-0 would win.} Bd7 24. e5 $2 {[%mdl 8192]} (24. O-O-O $11 Rxe4 25. Qa6 (25. b4 $2 Rc4+ 26. Kb1 Ne4 $19)) 24... Qb6 $1 $19 {[%mdl 64] Double Attack} 25. Bxd7 Qe3+ {[%mdl 64] Double Attack} 26. Kf1 Qxd3+ {[%mdl 64] Double Attack} 27. Kg1 Qe3+ 28. Kf1 {[#]} Ne4 $1 {[%mdl 512]} 29. Qxe4 Qxe4 30. Bxe8 Rxe8 (30... Rxb7 $142 31. b3 Qf4+ 32. Ke2 Re7 $1 {[%mdl 512]} 33. Kd3 Rxe8 34. Rad1 Qf5+ 35. Kd2 Qxe5 36. Rhe1 Qa5+ {[%mdl 64] Double Attack} 37. Kd3 Rxe1 38. Rxe1 Qxe1 39. h4 h5 40. a4 Qxh4 41. Ke2 Qg3 $1 {[%mdl 512]} 42. Kf1 Qxb3 43. a5 Qe3 44. g3 Qxg3 45. a6 Qf3+ 46. Ke1 h4 47. Kd2 h3 48. Kc2 h2 49. a7 h1=Q 50. a8=Q+ Qxa8 51. Kc3 Qhf3+ 52. Kc4 Qad5+ 53. Kb4 Qfb3#) 31. Kf2 Qxb7 (31... Qf4+ $142 32. Kg1 Qe3+ 33. Kf1 Qxe5 34. h4 Qxb2 {[%mdl 64] Double Attack} 35. b8=Q Qxa1+ 36. Kf2 Qf6+ 37. Kg3 Rxb8 38. Re1 Qc3+ {[%mdl 64] Double Attack} 39. Kf2 Rb2+ {[%mdl 64] Double Attack} 40. Re2 Qd4+ 41. Kf3 {[#]} Qd1 $1 {[%mdl 512]} 42. Kg4 Qxe2+ {[%mdl 64] Double Attack} 43. Kg3 Qf2+ 44. Kg4 Rb4+ 45. Kh5 Qxh4#) 32. b3 Rxe5 {Black mates.} 33. Rhd1 g6 34. Rd3 Qb6+ 35. Kg3 Re3+ {Weighted Error Value: White=1.22/Black=0.81} 0-1

[Event "Sebinhoo Invitational 2020"]
[Site "Online"]
[Date "2020.12.22"]
[Round "1.4"]
[White "Bachmann, Axel"]
[Black "Bartel, Mateusz"]
[Result "1-0"]
[WhiteElo "2599"]
[BlackElo "2638"]
[Annotator "TA"]
[PlyCount "79"]
[EventDate "2020.12.22"]
[EventType "tourn"]
[EventCountry "NET"]
[SourceTitle "playchess.com"]
[Source "ChessBase"]
[SourceQuality "1"]

{[%evp 12,79,23,21,23,23,17,0,11,0,20,0,33,-9,0,-34,-34,-69,-11,-78,-75,-96,-76,-86,0,0,0,0,0,0,0,0,0,0,18,0,63,36,65,33,21,26,7,0,0,-22,0,0,0,0,0,0,0,-4,0,-16,-4,-30,0,0,0,-30,49,47,904,892,1383,1370,1345,1270]} 1. c4 e5 2. Nc3 Nf6 3. Nf3 Nc6 4. g3 Bc5 5. Bg2 d6 6. O-O O-O 7. e3 Re8 {A29: English Opening: Four Knights Variation with 4 g3.} 8. d4 Bb6 9. h3 h6 {The position is equal.} 10. b3 Bf5 {[#]} 11. Na4 $146 ({Predecessor:} 11. Bb2 Qd7 12. Kh2 Rad8 13. Qd2 a6 14. Rad1 Qc8 15. Qc1 Bg6 16. dxe5 dxe5 17. Nd5 {0-1 (51) Palma,M (2060)-Gevorgyan,M (2226) Stary Smokovec 2018}) 11... Be4 12. Nxb6 axb6 13. d5 Nb4 14. a3 {[#]} Nd3 (14... b5 $1 $15 {[%mdl 512]}) 15. Bd2 {[#]} (15. Nd2 $11 {remains equal.} Bxg2 16. Kxg2) 15... b5 $1 $17 {[%mdl 512]} 16. cxb5 Nxd5 17. a4 Qf6 ({Better is} 17... Qd7 $17) 18. Ne1 $1 $11 Bxg2 19. Kxg2 Nc5 20. b4 $1 {[%cal Rb4c5]} Ne4 21. Qc2 $1 {[%cal Rc2e4]} Qg6 22. Nf3 Rec8 23. Rfc1 Ndf6 (23... f5 $11) 24. Be1 $14 Qf5 25. a5 Qd7 26. Qe2 c6 27. b6 Nd5 28. Rab1 f5 (28... Re8 {is more complex.} 29. b5 c5 30. Qd1 Ndf6 31. Nd2 Ng5) 29. b5 cxb5 {White must now prevent ...Nec3.} 30. Rxc8+ Rxc8 31. Qxb5 Qxb5 32. Rxb5 Ne7 33. Rb2 Kf7 34. Nd2 Nxd2 35. Bxd2 $11 {KRB-KRN} Ke6 36. h4 Nc6 (36... h5 $11) 37. Rc2 $14 {Threatens to win with a6!} Ra8 $2 {[%mdl 8192] [#]} (37... Kd7 $14) 38. Rxc6 $1 $18 {[%mdl 576] Promotion. White is clearly winning.} bxc6 39. b7 Rb8 40. a6 {Weighted Error Value: White=0.13/Black=0.25} 1-0

[Event "Sebinhoo Invitational 2020"]
[Site "Online"]
[Date "2020.12.22"]
[Round "2.1"]
[White "Larino Nieto, David"]
[Black "Bartel, Mateusz"]
[Result "1-0"]
[WhiteElo "2461"]
[BlackElo "2638"]
[Annotator "TA"]
[PlyCount "129"]
[EventDate "2020.12.22"]
[EventType "tourn"]
[EventCountry "NET"]
[SourceTitle "playchess.com"]
[Source "ChessBase"]
[SourceQuality "1"]

{[%evp 9,129,0,0,-1,14,0,0,0,0,10,63,-25,-28,-25,-27,-26,0,0,0,-83,-82,-77,-31,-29,-37,-84,-76,-89,-90,-70,-72,-138,-145,-428,-421,-431,-422,-399,75,88,72,87,72,80,259,264,255,256,504,519,491,506,506,477,853,488,516,498,522,520,581,610,620,620,680,606,625,616,692,692,697,660,12838,652,680,679,659,653,615,563,658,500,533,479,433,0,458,414,582,0,0,0,0,0,0,0,0,0,1384,1179,1413,1487,12837,12837,12837,12838,12840,12840,12841,12842,12842,12843,12843,12843,12844,12844,12845,12845,12846,12845,12845,12846]} 1. Nf3 c5 2. b3 d6 3. Bb2 e5 4. d3 f5 5. c4 Nf6 6. Nc3 {A04: Unusual lines after 1 Nf3 and King's Indian Attack.} Be7 7. e3 O-O 8. g3 {[#] The position is equal.} Nc6 $146 ({Predecessor:} 8... h6 9. e4 Nc6 10. Nh4 fxe4 11. dxe4 Ng4 12. Nf5 Nxf2 13. Kxf2 g6 14. Qg4 Kh7 {½-½ (30) Hammer,J-Unander,M (2214) Gausdal 2003}) 9. Bg2 f4 (9... Qe8 $11) 10. gxf4 (10. exf4 $14 exf4 11. O-O) 10... exf4 $11 11. Qd2 d5 12. O-O-O fxe3 (12... d4 {is more complex.} 13. exd4 cxd4 14. Ne2 Bb4 15. Qxf4 Ng4) 13. fxe3 d4 14. Nd5 (14. exd4 $11 {keeps the balance.} cxd4 15. Nb5) 14... Nxd5 $17 15. cxd5 dxe3 (15... Qxd5 16. Nxd4 Qd6 17. Nb5 $14) 16. Qxe3 Nb4 17. Rhg1 Bf6 18. Qxc5 Nxd3+ 19. Rxd3 Bf5 {aiming for ...Rc8.} 20. Rc3 (20. Qe3 $142 Rc8+ 21. Kb1) 20... Rc8 21. Qe3 $2 {[%mdl 8192]} (21. Qb4 $17 Qxd5 22. Bf1 Bxc3 23. Bxc3) 21... Re8 $1 $19 {[%cal Re8e3]} 22. Qd2 Bxc3 23. Bxc3 Re2 $2 ({Black should try} 23... Qf6 $19 24. Nd4 Rxc3+ $1 {[%mdl 576] Clearance} 25. Qxc3 Rc8 $1 {[%mdl 512]} 26. Qxc8+ Bxc8) 24. Qxe2 $16 Rxc3+ 25. Kd1 {Black must now prevent Qe5.} Qxd5+ {[#]} 26. Nd2 $1 {[%cal Re2e8]} Qd7 $2 {[#]} (26... Bc2+ $16 27. Ke1 Be4) 27. Bd5+ $1 $18 {[%mdl 512]} Kh8 (27... Qxd5 28. Qe8#) 28. Qe5 Rd3 $2 (28... Bg4+ 29. Ke1 Rc8) 29. Qb8+ {[%mdl 64] Double Attack} Qc8 30. Qxc8+ Bxc8 31. Re1 {[%cal Re1e8]} Bd7 (31... g5 $142 32. Re8+ Kg7 33. Rxc8 Rxd5 34. Rc7+ Kg6 35. Rxb7 Ra5) 32. Bxb7 h5 33. Bg2 h4 34. Bf1 Rd4 35. Kc2 Bf5+ 36. Kc3 Rf4 37. Bd3 Bxd3 38. Kxd3 {[%mdl 4096] Endgame KRN-KR} g5 39. h3 Kg7 40. a3 Kg6 41. b4 Rf2 42. b5 Rh2 43. Re3 Rh1 44. Ne4 Kf5 45. Nd6+ Kf4 46. Re4+ Kf3 47. Re3+ Kf4 $1 {intending ...Rd1+.} 48. Nc8 g4 (48... Rd1+ {is a better defense.} 49. Ke2 Rd7) 49. hxg4 $2 ({White must play} 49. Re4+ $18 Kf3 50. Rxg4 Rxh3 51. Rb4 Kf2+ 52. Kd2 Rxa3 53. Rxh4) 49... h3 $11 50. Re4+ Kf3 51. Re3+ ({Don't go for} 51. Nxa7 $2 Rd1+ 52. Kc2 Kxe4 $19) 51... Kf4 52. Re4+ Kf3 {And now ...Rd1+ would win.} 53. Re8 ({Avoid the trap} 53. Nxa7 $2 Rd1+ 54. Kc2 Kxe4 $19) 53... Rd1+ $2 {[%mdl 8192] [#]} (53... Ra1 $11) 54. Kc4 $1 $18 {White is clearly winning.} h2 55. Rh8 h1=Q 56. Rxh1 Rxh1 57. Nxa7 {KR-KN} Ke4 58. b6 Rc1+ 59. Kb5 Kd5 60. a4 {[%cal Ba3a4,Ba4a5][%mdl 32]} Kd6 61. a5 Kd7 62. Ka6 Rb1 63. g5 Rg1 64. Nb5 Kc8 65. Ka7 {Quite a comeback for White.  Weighted Error Value: White=0.44/Black=0.55} 1-0

[Event "Sebinhoo Invitational 2020"]
[Site "Online"]
[Date "2020.12.22"]
[Round "2.2"]
[White "Shankland, Sam"]
[Black "Bachmann, Axel"]
[Result "1/2-1/2"]
[WhiteElo "2691"]
[BlackElo "2599"]
[Annotator "TA"]
[PlyCount "112"]
[EventDate "2020.12.22"]
[EventType "tourn"]
[EventCountry "NET"]
[SourceTitle "playchess.com"]
[Source "ChessBase"]
[SourceQuality "1"]

{[%evp 18,112,45,45,86,78,85,70,68,14,108,36,29,4,50,79,58,64,50,56,58,22,20,12,12,12,12,-68,-50,-54,-44,-46,-56,-60,-50,-32,4,6,36,33,23,0,0,0,0,0,0,0,0,0,0,0,0,0,0,0,0,0,0,0,0,0,0,0,0,0,0,0,0,0,0,0,0,0,0,0,0,0,0,0,0,0,0,0,0,0,0,0,0,0,0,0,0,0,0,0,0]} 1. e4 g6 2. d4 Bg7 3. c4 c5 4. d5 d6 5. Nc3 e6 6. Nf3 Ne7 7. Be2 O-O 8. O-O exd5 9. cxd5 a6 10. a4 h6 {A43: Schmid Benoni.} 11. h3 f5 12. Re1 g5 {[#] White is slightly better.} 13. exf5 $146 ({Better is} 13. Bc4 $14) ({Predecessor:} 13. Bc4 Ng6 14. exf5 Bxf5 15. Re6 Rf7 16. g4 Bxe6 17. dxe6 Re7 18. Qd3 Nf8 19. Nxg5 {½-½ (74) Hambleton,A (2131)-Noritsyn,N (2401) Montreal 2010}) 13... Bxf5 {[#]} (13... Nxf5 $11 14. Rb1 Nd7) 14. Bd3 (14. h4 $1 $16) 14... Nd7 $14 15. Ra3 Rb8 16. Ne4 Ng6 17. Nxd6 Bxd3 18. Rxd3 ({Much worse is} 18. Qxd3 Nde5 $15) 18... Nde5 19. Nxe5 Nxe5 20. Ne4 {Rde3 is the strong threat.} Nxd3 21. Qxd3 Qa5 22. Re2 (22. Rd1 $11) 22... Qxa4 23. Nxc5 Qd4 24. Qxd4 Bxd4 25. Ne6 {[%mdl 64] [#] Double Attack} Rfc8 $1 {[%cal Rc8c1]} 26. Bxg5 $1 Bxf2+ 27. Kxf2 hxg5 $15 {[%mdl 4096] Endgame KRR-KRN} 28. d6 Rc1 {White should prevent ...Rd1.} 29. d7 Rd1 {The position is equal.} 30. d8=Q+ Rbxd8 31. Nxd8 Rxd8 $11 {KR-KR} 32. Kg3 Rd4 33. Re5 Rb4 34. Rxg5+ Kh7 35. Rc5 Rxb2 36. h4 b5 37. Rc7+ Kg6 38. Kh3 a5 39. Rc6+ Kf7 40. h5 a4 41. Ra6 Rb3+ 42. Kh4 a3 43. g4 {Hoping for h6.} b4 44. h6 {Threatens to win with g5.} Rb1 {Strongly threatening ...Rh1+.} 45. Kg5 {White threatens h7 and mate.} Rh1 {With the idea ...Rh2.} 46. Ra7+ Ke6 {White must now prevent ...Rh2.} 47. Kg6 b3 {And now ...b2 would win.} 48. Rxa3 b2 49. Re3+ Kd5 50. Rb3 b1=Q+ 51. Rxb1 Rxb1 {KR-KPP} 52. h7 Rh1 53. Kg7 Ke5 54. h8=Q Rxh8 55. Kxh8 Kf4 56. Kg8 Kxg4 {Weighted Error Value: White=0.12/Black=0.06} 1/2-1/2

[Event "Sebinhoo Invitational 2020"]
[Site "Online"]
[Date "2020.12.22"]
[Round "2.3"]
[White "Tari, Aryan"]
[Black "Christiansen, Johan-Sebastian"]
[Result "1-0"]
[WhiteElo "2618"]
[BlackElo "2610"]
[Annotator "TA"]
[PlyCount "85"]
[EventDate "2020.12.22"]
[EventType "tourn"]
[EventCountry "NET"]
[SourceTitle "playchess.com"]
[Source "ChessBase"]
[SourceQuality "1"]

{[%evp 10,85,40,31,75,63,63,48,59,5,8,-14,-32,-42,16,0,19,13,32,-50,16,0,36,31,74,78,93,0,0,0,107,114,135,133,163,156,425,428,664,673,672,670,651,666,652,630,916,912,908,902,1312,1302,1137,1150,1272,1135,1515,1557,1657,1650,1505,1502,1494,1304,2399,2294,1986,1855,1610,1535,29979,29980,29980,29981,29981,29982,29981,29981]} 1. e4 e5 2. Nf3 Nc6 3. Bb5 f5 4. d3 fxe4 5. dxe4 Nf6 6. O-O Bd6 {6...d6 is a critical line. C63: Ruy Lopez: Schliemann/Jaenisch Defence.} 7. Bc4 Na5 8. Bd3 O-O {[#] White is slightly better.} 9. c4 $146 (9. h3 $14) ({Predecessor:} 9. Nc3 Nc6 10. a3 Bc5 11. b4 Bb6 12. b5 Ne7 13. Nxe5 d5 14. exd5 Nfxd5 15. Nxd5 Nxd5 {1-0 (43) Hamdouchi,H (2561)-Shirazi,K (2355) chess24.com INT 2020}) 9... Nc6 $11 10. Nc3 Bc5 11. Na4 Be7 (11... d6 $15) 12. h3 Qe8 13. Nc3 Bc5 14. Na4 (14. Nd5 $14 Qd8 15. Rb1) 14... Be7 (14... d6 $15) 15. Nc3 Bc5 16. Nd5 Nxd5 17. exd5 Nd4 18. Ng5 ({White should play} 18. Nxd4 $16 Bxd4 19. d6) 18... h6 19. Ne4 $36 {[%mdl 2048] White is pushing.} Be7 {[#]} (19... b6 $11 {remains equal.}) 20. d6 $1 $16 {[%mdl 512]} cxd6 {[#]} 21. Nc3 $1 Ne6 22. Nd5 {Black must now prevent Qg4.} Bg5 $2 {Now Black is done in.} (22... Bd8 $16) 23. Bxg5 $18 hxg5 {[#]} (23... Nxg5 $142 24. Nc7 {[%mdl 64] Double Attack} Qd8) 24. Bg6 $1 {[%mdl 576] Deflection, Decoy} Qxg6 25. Ne7+ {[%mdl 64] Double Attack, Discovered Attack} Kh7 {Hoping for ...Qf7.} 26. Nxg6 Kxg6 27. Qxd6 Kf6 28. Rae1 {[%cal Ba1e1,Be1e5,Be5g5][%mdl 32]} Kf7 29. Rxe5 Re8 30. Rfe1 a5 {[#]} 31. Rxg5 $1 {[%mdl 512]} Ra6 (31... Nxg5 32. Qf4+) 32. Qe5 Rc6 33. Qf5+ Kg8 34. Rh5 Rf8 35. Qh7+ Kf7 36. b3 a4 37. Rf5+ Ke8 38. Rxf8+ Kxf8 39. f4 Nxf4 40. Qh8+ {White mates.} Kf7 41. Qe8+ Kf6 42. Qf8+ Kg6 43. Qxf4 {Accuracy: White = 83%, Black = 47%.} 1-0

[Event "Sebinhoo Invitational 2020"]
[Site "Online"]
[Date "2020.12.22"]
[Round "2.4"]
[White "Pichot, Alan"]
[Black "Van Foreest, Jorden"]
[Result "0-1"]
[WhiteElo "2630"]
[BlackElo "2671"]
[Annotator "TA"]
[PlyCount "146"]
[EventDate "2020.12.22"]
[EventType "tourn"]
[EventCountry "NET"]
[SourceTitle "playchess.com"]
[Source "ChessBase"]
[SourceQuality "1"]

{[%evp 9,146,16,16,14,27,0,0,0,0,0,26,8,34,0,-13,-12,8,-36,-32,-35,-9,-11,63,0,0,-24,-25,-70,-66,-72,-74,-81,-4,-16,-23,-89,-44,-41,-23,-67,-77,-56,-75,-83,-60,-54,-59,-60,-60,-59,-60,-54,-54,-59,-51,-56,-55,-69,-64,-79,-94,-99,-104,-96,-95,-96,-96,-94,-94,-92,-91,-94,-94,-118,-106,-112,-110,-118,-118,-118,-118,-158,-158,-371,-345,-342,-158,-162,-169,-167,-70,-162,-69,-70,0,0,0,0,0,0,0,0,0,0,0,-8,0,-70,-70,-162,-162,-472,-472,-458,-275,-436,-387,-12850,-8374,-29936,-12851,-29941,-29947,-29948,-29952,-29946,-29950,-29948,-29945,-29942,-29955,-12840,-12798,-12791,-12825,-12802,-12485,-29960,-4239]} 1. e4 c5 2. Nf3 d6 3. d4 cxd4 4. Qxd4 Nf6 5. Be2 Nc6 6. Qe3 {B53: Sicilian: 2...d6: Lines with Qxd4.} g6 7. h3 Bg7 8. O-O {The position is equal.} O-O 9. Rd1 Be6 10. Nc3 Qb6 $5 {[%mdl 4] [#] Exploring less charted territory.} 11. a3 $146 ({Predecessor:} 11. Qxb6 axb6 12. a3 Rfc8 13. Rb1 Na5 14. Bd3 Nc4 15. Ne2 d5 16. exd5 Bxd5 17. Ne1 {1-0 (79) Demchenko,A (2679)-Sakaev,K (2584) Sochi 2018}) 11... Qxe3 12. Bxe3 Nd7 13. Rab1 Bxc3 14. bxc3 Nb6 15. Nd4 Bc4 (15... Bd7 $11) 16. Bd3 (16. Bxc4 $14 Nxc4 17. Rxb7 Nxe3 18. fxe3) 16... Rfc8 17. f4 Na5 18. Rdc1 Na4 19. Ne2 b5 20. Kf2 Nc5 (20... a6 $17) 21. Rd1 a6 22. Rb4 (22. Bxc5 $11 {keeps the balance.} Rxc5 23. Ra1) 22... Rc7 23. Bxc5 Rxc5 24. a4 Nc6 25. Rb2 bxa4 26. Ra1 Bb5 {[#]} 27. c4 $1 {[%cal Rc4b5][%mdl 512]} Bxc4 28. Rxa4 Bxd3 29. cxd3 e5 30. d4 exd4 31. Nxd4 a5 32. Nxc6 Rxc6 $15 {[%mdl 4096] Endgame KRR-KRR} 33. Rb5 Rc2+ 34. Kf3 Rac8 {White must now prevent ...R8c3+.} 35. Rb3 R8c3+ 36. Rxc3 Rxc3+ $17 {KR-KR} 37. Kf2 Rc5 38. Rd4 Rc6 39. Ra4 Ra6 40. Ke3 Kf8 41. Kd4 Ke7 42. Kd5 h5 43. g4 hxg4 44. hxg4 Kd7 45. g5 Ra8 46. e5 $2 (46. Kc4 $17) 46... dxe5 $19 47. Kxe5 Ke7 (47... Kc6 $19 {is more deadly.} 48. f5 Ra7 49. fxg6 fxg6) 48. f5 gxf5 49. Kxf5 Ra6 50. Ke5 $1 {[#]} Kf8 ({Black should try} 50... Kd7 $1 $19 51. Kf5 Kd6 52. Rd4+ Ke7) 51. Kf5 Kg7 (51... Ke8 $1 $15) 52. Kg4 Kg6 53. Kf4 Ra8 54. Kg4 Ra7 55. Kf4 Kg7 56. Kf5 Ra6 57. Kg4 Kf8 (57... Kg8 $11) 58. Kf5 $15 Ke8 $1 {White is on the road to losing.} 59. Ke5 {[#]} (59. Ke4 $15) 59... Ke7 $1 $19 60. Kd5 $2 (60. Kf4 {is a better chance.}) 60... Rg6 61. Rg4 {Cut Off at move 61} Kf8 62. Rg3 (62. Kc4 {was worth a try.}) 62... a4 63. Ke4 $2 (63. Kc4 Ra6 64. Ra3) 63... Kg7 64. Kf5 Ra6 (64... Rb6 $142 65. Rd3 Rb5+ 66. Kg4 Ra5 67. Ra3 Kh7 68. Kh3 Kg6 69. Kh4 Ra6 70. Kg4 Ra8 71. Kh4 Ra5 72. Kh3 Kxg5 73. Kg2 Kf5 74. Kf2 Ra8 75. Ke2 Ke4 76. Ke1 f5 77. Ke2 Kd4 78. Kd1 f4 79. Kc2 Ke4 80. Kd1 f3 81. Ke1 Kd4 82. Kd2 f2 83. Ke2 Kc4 84. Kxf2 Kb4 85. Ra2 a3 86. Kg3 Kb3 87. Ra1 Ra4 88. Rb1+ Kc2 89. Rf1 a2 90. Rf2+ Kd3 91. Rf3+ Kc4 92. Kg2 a1=Q 93. Kh2 Ra2+ 94. Kh3 Qg1 95. Rg3 Qh1+ 96. Kg4 Qe4+ 97. Kh5 Qf5+ 98. Kh6 Ra6+ 99. Kg7 Ra7+ 100. Kh8 Qh7#) 65. Ra3 Ra8 66. Kg4 Kg6 67. Kf4 Ra5 68. Ke4 Rxg5 69. Rc3 Ra5 70. Ra3 f5+ 71. Kf4 Kf6 72. Ke3 Ke5 73. Kf3 Kd4 {Weighted Error Value: White=0.22/Black=0.14} 0-1